Biggest Cities that end in E with a Map - Statistics

General Stats
  • This quiz has been taken 276 times
  • The average score is 24 of 30
Answers on the Map
Answers color-coded by a green-red scale on the quiz's map according to % correct below.
 
Answer Stats
Population City % Correct
5.05m Melbourne
96%
3.50m Rome
96%
4.48m Seattle
96%
3.23m Brisbane
93%
1.43m Belgrade
91%
3.33m Port-au-Prince
89%
1.46m Prague
89%
7.90m Singapore
89%
1.36m Adelaide
88%
1.68m Marseille
88%
2.38m San José
83%
13.5m Lahore
82%
2.35m Brazzaville
81%
5.00m Cologne
81%
2.08m Harare
81%
12.7m Bangalore
79%
1.47m Jacksonville
79%
1.55m Milwaukee
79%
1.49m Newcastle
79%
1.50m Nashville
78%
3.85m Recife
78%
3.50m Yaoundé
76%
2.50m Charlotte
75%
2.18m Lomé
75%
5.05m Belo Horizonte
72%
7.10m Pune
72%
4.15m Porto Alegre
70%
2.33m Katowice
66%
3.28m Indore
37%
2.78m Coimbatore
34%
No matching quizzes found
Score Distribution
Percent of People with Each Score
Percentile by Number Answered
Your Score History
You have not taken this quiz